000 00450nam a2200181Ia 4500
003 OSt
005 20230508060323.0
008 210423s1997 xx 000 0 und d
040 _cAL
041 _aeng
082 _a658.3
_223
_bPANH
100 _aPANDEY;RASTOGI (H).
_999630
245 _aHuman resource development.
260 _aDelhi
_bKing Books
_c1997
365 _b50
_cINR
906 _adevelopment. ; Human ; resource
942 _2ddc
_cBK
999 _c171358
_d171358